00563nam a2200193 a 450000100060000000300090000600800410001502000150005604000280007108200080009910000270010724500560013426000340019030000100022449000230023450500480025765000330030565000310033820075CO-ViMGA141112s2004 ck r 000 u spa d a8484410412 aCO-ViMGAbspacCO-ViMGA04aCAP1 aMerani, Tiziana, Narr.10aCaperucita Roja y otros cuentos de lobos malvados  aBarcelona : bMontena, c2000 a79 p.0 aLa Voz y el cuento aEl Lobo y los siete cabritillos El Tio Lobo14aCUENTOS INFANTILES ITALIANOS14aLOBOS - CUENTOS INFANTILES